000 01484nam a2200421 i 4500
001 14421
003 KOSZ 005
005 20210407134447.0
008 080204s1966 pl a f f 001 0 pol
015 _aPB 1966/6188
040 _aWA N
_cWA N
_dKOSZ 005/RW
041 1 _apol
_hrus
046 _k1958
080 _a53
100 1 _aLandau, Lew
_d(1908-1968)
_eAutor
245 1 0 _aFizyka teoretyczna.
_n[1],
_pMechanika /
_cL. Landau, E. Lifszic ; [tłumaczenie z rosyjskiego Stanisław Bażański].
246 1 _iTytuł oryginału:
_aTeoretičeskaâ fizika :
_bmehanika.
246 3 0 _aMechanika.
250 _aWydanie 3.
260 _aWarszawa :
_bPaństwowe Wydawnictwo Naukowe,
_c1966.
300 _a221, [2] stron :
_bilustracje ;
_c25 cm.
336 _aTekst
_btxt
_2rdacontent
337 _aBez urządzenia pośredniczącego
_bn
_2rdamedia
338 _aWolumin
_bnc
_2rdacarrier
380 _aKsiążki
380 _aPublikacje dydaktyczne
388 _a1901-2000
504 _aIndeks.
658 _aFizyka i astronomia
658 _aInżynieria i technika
650 4 _aMechanika
655 4 _aPodręcznik
710 2 _aPaństwowe Wydawnictwo Naukowe
_4pbl.
700 1 _aLifszyc, Jewgienij
_d(1915-1985)
_eAutor
700 1 _aBażański, Stanisław Leon
_d(1929-2017 )
_eTłumaczenie
856 _uhttp://koha.tu.koszalin.pl/cgi-bin/koha/opac-detail.pl?biblionumber=14421
_yKatalog online BPK
942 _2UKD
_cKS
999 _c14421
_d14421